<?xml version="1.0" encoding="UTF-8"?>
<record
    xmlns:xsi="http://www.w3.org/2001/XMLSchema-instance"
    xsi:schemaLocation="http://www.loc.gov/MARC21/slim http://www.loc.gov/standards/marcxml/schema/MARC21slim.xsd"
    xmlns="http://www.loc.gov/MARC21/slim">

  <leader>01350cam a2200313 a 4500</leader>
  <controlfield tag="001">24565</controlfield>
  <controlfield tag="003">BD-RjUL</controlfield>
  <controlfield tag="005">20211209001052.0</controlfield>
  <controlfield tag="008">140313r19681840enkab         000 0 eng</controlfield>
  <datafield tag="029" ind1=" " ind2=" ">
    <subfield code="a">1840</subfield>
  </datafield>
  <datafield tag="035" ind1=" " ind2=" ">
    <subfield code="a">(BD-RjUL)24633</subfield>
  </datafield>
  <datafield tag="040" ind1=" " ind2=" ">
    <subfield code="a">DLC</subfield>
    <subfield code="c">IUL</subfield>
    <subfield code="b">eng</subfield>
    <subfield code="d">BD-RjUL</subfield>
  </datafield>
  <datafield tag="041" ind1=" " ind2=" ">
    <subfield code="a">eng</subfield>
  </datafield>
  <datafield tag="082" ind1="0" ind2="4">
    <subfield code="a">915.3</subfield>
    <subfield code="b">WET 1968</subfield>
  </datafield>
  <datafield tag="100" ind1="1" ind2=" ">
    <subfield code="a">Wellsted, J. R.</subfield>
    <subfield code="q">(James Raymond),</subfield>
    <subfield code="d">-1842.</subfield>
    <subfield code="9">71971</subfield>
  </datafield>
  <datafield tag="245" ind1="1" ind2="0">
    <subfield code="a">Travels to the City of the caliphs, along the shores of the Persian Gulf and the Mediterranean. :</subfield>
    <subfield code="b">Including a voyage to the coast of Arabia, and a tour on the island of Socotra /</subfield>
    <subfield code="c">By J. R. Wellsted ... author of "Travels in Arabia."</subfield>
    <subfield code="n">Volume-1</subfield>
  </datafield>
  <datafield tag="260" ind1=" " ind2=" ">
    <subfield code="a">London: :</subfield>
    <subfield code="b">Henry Colburn, publisher, Great Marlborough Street.,</subfield>
    <subfield code="c">1840 [published 1968].</subfield>
  </datafield>
  <datafield tag="300" ind1=" " ind2=" ">
    <subfield code="a">V-1 (xiii, 405 p.) :</subfield>
    <subfield code="b">fronts., fold. map ;</subfield>
    <subfield code="c">23.5 cm.</subfield>
  </datafield>
  <datafield tag="500" ind1=" " ind2=" ">
    <subfield code="a">Mainly the notes and relations of Lieutenant Ormsby, of the Indian navy, prepared for the press by Wellsted.--Preface.</subfield>
  </datafield>
  <datafield tag="651" ind1=" " ind2="0">
    <subfield code="a">Arabian Peninsula</subfield>
    <subfield code="x">Description and travel</subfield>
    <subfield code="9">58777</subfield>
  </datafield>
  <datafield tag="651" ind1=" " ind2="0">
    <subfield code="a">Middle East</subfield>
    <subfield code="x">Description and travel</subfield>
    <subfield code="9">70972</subfield>
  </datafield>
  <datafield tag="651" ind1=" " ind2="0">
    <subfield code="a">Socotra (Yemen)</subfield>
    <subfield code="x">Description and travel.</subfield>
    <subfield code="9">75601</subfield>
  </datafield>
  <datafield tag="700" ind1="1" ind2=" ">
    <subfield code="a">Colburn, Henry,</subfield>
    <subfield code="d">-1855,</subfield>
    <subfield code="e">publisher.</subfield>
    <subfield code="9">75602</subfield>
  </datafield>
  <datafield tag="700" ind1="1" ind2=" ">
    <subfield code="a">Ormsby,</subfield>
    <subfield code="c">Lieutenant.</subfield>
    <subfield code="9">75603</subfield>
  </datafield>
  <datafield tag="752" ind1=" " ind2=" ">
    <subfield code="a">England</subfield>
    <subfield code="d">London.</subfield>
  </datafield>
  <datafield tag="942" ind1=" " ind2=" ">
    <subfield code="2">ddc</subfield>
    <subfield code="c">BK</subfield>
  </datafield>
  <datafield tag="999" ind1=" " ind2=" ">
    <subfield code="c">24565</subfield>
    <subfield code="d">24565</subfield>
  </datafield>
  <datafield tag="952" ind1=" " ind2=" ">
    <subfield code="0">0</subfield>
    <subfield code="1">0</subfield>
    <subfield code="2">ddc</subfield>
    <subfield code="4">0</subfield>
    <subfield code="7">2</subfield>
    <subfield code="8">NFIC</subfield>
    <subfield code="a">RUCL</subfield>
    <subfield code="b">RUCL</subfield>
    <subfield code="c">Reading</subfield>
    <subfield code="d">1969-12-31</subfield>
    <subfield code="e">Ziet</subfield>
    <subfield code="g">0.00</subfield>
    <subfield code="l">0</subfield>
    <subfield code="o">915.3 WET V-1 1968</subfield>
    <subfield code="r">2014-03-13 00:00:00</subfield>
    <subfield code="t">C-1</subfield>
    <subfield code="w">2014-03-13</subfield>
    <subfield code="y">BK</subfield>
  </datafield>
</record>
